¿Qué país se creó primero? - Estadísticas

Estadísticas generales
  • Esta prueba ha sido intentada 33 veces
    32 desde el último reinicio
  • La puntuación promedio es 9 de 15
Estadísticas de respuestas
Pregunta Respuesta % Correcto
¿Qué país se creó primero? Estados Unidos
85%
¿Qué país se creó primero? Australia
78%
¿Qué país se creó primero? Irán
70%
¿Qué país se creó primero? Serbia
70%
¿Qué país se creó primero? Ucrania
70%
¿Qué país se creó primero? Bulgaria
67%
¿Qué país se creó primero? Zambia
67%
¿Qué país se creó primero? Bután
59%
¿Qué país se creó primero? Corea del Norte
59%
¿Qué país se creó primero? Yemen
59%
¿Qué país se creó primero? France
48%
¿Qué país se creó primero? Samoa
44%
¿Qué país se creó primero? Fiyi
41%
¿Qué país se creó primero? Camboya
37%
¿Qué país se creó primero? India
11%
No se encontraron pruebas coincidentes
Distribución de puntuación
Porcentaje de gente con cada puntuación
Porcentaje por número respondido
Historial de tus puntuaciones
No has intentado esta prueba desde el último reinicio